Catalogue de la Bibliothèque de l'ENSA

Mycotoxins in fruits and vegetables (notice nᵒ 22432)

détails MARC
000 -LEADER
fixed length control field 00598nam a2200193zi 4500
005 - DATE AND TIME OF LATEST TRANSACTION
control field 20171109044536.0
020 ## - ISBN
ISBN 978-0-12-3726-4
037 ## - SOURCE D'ACQUISITION
Cote BC_680 45
Forme de support Autres
040 ## - SOURCE DU CATALOGAGE
Origine cataloguage BC-ENSA
Langue du catalogage fre
041 ## - CODE DE LANGUE
Langue Anglais
100 ## - VEDETTE PRINCIPALE - AUTEUR PRINCIPAL
Auteur BARKAI-GOLAN, Rivka
245 ## - MENTION DU TITRE
Titre Mycotoxins in fruits and vegetables
260 ## - PUBLICATION, DIFFUSION, ETC. (ADRESSE BIBLIOGRAPHIQUE)
Nom de l'éditeur Elsevier
Lieu d'édition Amsterdam
Année d'édition 2008
300 ## - DESCRIPTION MATÉRIELLE
Nombre de pages 394 p.
Illustration ill.
Format 24 cm
562 ## - NOTE D'IDENTIFICATION DES EXEMPLAIRES ET VERSIONS
Numbre d' exemplaire 01 exemplaire
700 ## - AUTEUR(S) SECONDAIRE(S)
NOM et Prenom PASTER, Nachman
942 ## - ADDED ENTRY ELEMENTS (KOHA)
Type document Ouvrage
653 ## - DESCRIPTEUR LIBRE
Mots clés libres MYCOTOXINE/FRUIT/VEGETATION/PLANTE/REGULATION DE LA PRODUCTION/ASPERGILLUS/PENICILLIUM/ALTERNARIA
Exemplaires
statut de retrait Statut emplacement permanent Localisation actuelle Cote code à barre Koha type d'élément
    Bibliothèque Centrale Bibliothèque Centrale BC_680 45 BC_680 45 Ouvrage

Adresse: Ecole Nationale Supérieure Agronomique Hassen Badi - El Harrach Alger, Algérie

Tél +213 (0) 23 82 85 07+213 (0) 23 82 85 12 Fax +213 23 82 85 03/04 Courriel: bibliotheque@edu.ensa.dz